000 00643nam a2200217Ia 4500
003 GCL
008 140319s9999 xx 000 0 ara d
040 _aGCL /
_cGCL
082 0 4 _a920
_bهـ ا
100 1 _aالسعيد شوارب
245 1 0 _aاحمد رامى /
_cالسعيد شوارب
260 _a[S.N] :
_bالهيئة المصرية العامة للكتاب ،
_c1985
300 _a362 ص
490 _aاعلام العرب
_v0
650 0 4 _aالشعر العربى
650 0 4 _aالتراجم الادبية
650 0 4 _aالتراجم
650 0 4 _aالشعراء
650 0 4 _aاحمد رامى
942 _2ddc
_cBK
999 _c28505
_d28505